[Event "Zlin Region-chT 2223"]
[Site "Czech Republic"]
[Date "2023.01.29"]
[Round "7.5"]
[White "Gabriel, Lubomir"]
[Black "Martinak, Cyril"]
[Result "1/2-1/2"]
[WhiteElo "1970"]
[BlackElo "1782"]
[PlyCount "97"]
[EventDate "2022.10.09"]
[EventType "team-tourn"]
[EventRounds "11"]
[EventCountry "CZE"]
[SourceTitle "EXT 2024"]
[Source "ChessBase"]
[SourceDate "2023.10.10"]
[SourceVersion "1"]
[SourceVersionDate "2023.10.10"]
[SourceQuality "1"]
[WhiteTeam "Zlin Malenovice"]
[BlackTeam "Valasske Mezirici"]
[WhiteTeamCountry "CZE"]
[BlackTeamCountry "CZE"]

1. e4 e5 2. f4 d5 3. exd5 e4 4. Qe2 Nf6 5. d3 Qxd5 6. Nd2 Bf5 7. dxe4 Bxe4 8. Nxe4 Qxe4 9. Qxe4+ Nxe4 10. Bd3 Nc5 11. Bb5+ c6 12. Be2 Nbd7 13. Be3 Be7 14. 0-0-0 Nb6 15. Bf3 0-0 16. Ne2 Nc4 17. Bf2 Rfd8 18. b3 Nb6 19. Rxd8+ Rxd8 20. Rd1 Rxd1+ 21. Kxd1 Ncd7 22. c4 Nc5 23. Kc2 Ne6 24. Bxb6 axb6 25. Bg4 Bd6 26. g3 Kf8 27. Bxe6 fxe6 28. Kd3 Kf7 29. Ke4 Kf6 30. Nd4 Bc5 31. Nf3 Bd6 32. a4 h6 33. h4 g6 34. g4 Be7 35. Nd4 Bd6 36. g5+ hxg5 37. hxg5+ Kf7 38. Nc2 Ke7 39. Ne3 Kf7 40. Ng2 Bc7 41. Nh4 Bd6 42. Nf3 Bc7 43. b4 Bd6 44. Ne5+ Kg7 45. Nd3 c5 46. b5 Kf7 47. Ne5+ Kg7 48. Kd3 Bxe5 49. fxe5 1/2-1/2